Detalles MARC
| 000 -LEADER |
| fixed length control field |
02425nam a2200493Ii 4500 |
| 001 - CONTROL NUMBER |
| control field |
DIGMOR0057 |
| 003 - CONTROL NUMBER IDENTIFIER |
| control field |
NyNyDIG |
| 008 - FIXED-LENGTH DATA ELEMENTS--GENERAL INFORMATION |
| fixed length control field |
140601s2012 sp ob 001 0 spa d |
| 006 - FIXED-LENGTH DATA ELEMENTS--ADDITIONAL MATERIAL CHARACTERISTICS |
| fixed length control field |
m o d |
| 007 - PHYSICAL DESCRIPTION FIXED FIELD--GENERAL INFORMATION |
| fixed length control field |
cr ||||||||||| |
| 020 ## - INTERNATIONAL STANDARD BOOK NUMBER |
| International Standard Book Number |
9788471126894 |
| Qualifying information |
(eBook) |
| 020 ## - INTERNATIONAL STANDARD BOOK NUMBER |
| Canceled/invalid ISBN |
9788471126801 |
| 020 ## - INTERNATIONAL STANDARD BOOK NUMBER |
| Canceled/invalid ISBN |
847112680X |
| 035 ## - SYSTEM CONTROL NUMBER |
| System control number |
(OCoLC)891306196 |
| 041 1# - LANGUAGE CODE |
| Language code of text/sound track or separate title |
spa |
| Language code of original |
eng |
| 040 ## - CATALOGING SOURCE |
| Original cataloging agency |
DGITA |
| Language of cataloging |
eng |
| Description conventions |
rda |
| -- |
pn |
| Transcribing agency |
DGITA |
| 050 14 - LIBRARY OF CONGRESS CALL NUMBER |
| Classification number |
RC455.4.A84 eBook |
| 100 1# - MAIN ENTRY--PERSONAL NAME |
| Personal name |
Dallos, Rudi, |
| Dates associated with a name |
1948- |
| Relator term |
author. |
| 240 10 - UNIFORM TITLE |
| Uniform title |
Systemic therapy and attachment narratives. |
| Language of a work |
Spanish |
| 245 10 - TITLE STATEMENT |
| Title |
Apego y terapia narrativa : |
| Remainder of title |
un modelo integrador / |
| Statement of responsibility, etc. |
Rudi Dallos y Arlene Vetere ; traducido por Roc Filella Escolá. |
| 264 #1 - PRODUCTION, PUBLICATION, DISTRIBUTION, MANUFACTURE, AND COPYRIGHT NOTICE |
| Place of production, publication, distribution, manufacture |
Madrid : |
| Name of producer, publisher, distributor, manufacturer |
Ediciones Morata, |
| Date of production, publication, distribution, manufacture, or copyright notice |
2012. |
| 300 ## - PHYSICAL DESCRIPTION |
| Extent |
1 online resource (255 pages) |
| 336 ## - CONTENT TYPE |
| Content type term |
text |
| Content type code |
txt |
| Source |
rdacontent |
| 337 ## - MEDIA TYPE |
| Media type term |
computer |
| Media type code |
c |
| Source |
rdamedia |
| 338 ## - CARRIER TYPE |
| Carrier type term |
online resource |
| Carrier type code |
cr |
| Source |
rdacarrier |
| 500 ## - GENERAL NOTE |
| General note |
Translation of: Systemic therapy and attachment narratives: applications in a range of clinical settings. New York : Routledge, 2009. |
| 504 ## - BIBLIOGRAPHY, ETC. NOTE |
| Bibliography, etc. note |
Includes bibliographical references (pages [222]-230) and index. |
| 505 0# - FORMATTED CONTENTS NOTE |
| Formatted contents note |
La terapia sistémica y las narrativas de apego -- Las transiciones en el ciclo de vida y las narrativas de apego -- La regulación de los sentimientos -- El amor y la sexualidad : la terapia sistémica y las narrativas de apego : aplicaciones a las parejas -- El trauma y la disociación -- La pérdida, la pena y el apego -- Los problemas de adicción : la dependencia del alcohol y las dificultades alimentaria -- Formatos para la exploración. |
| 588 0# - SOURCE OF DESCRIPTION NOTE |
| Source of description note |
Online resource; title from ePub and PDF title page (Digitalia, viewed June 22, 2014) |
| 650 #0 - SUBJECT ADDED ENTRY--TOPICAL TERM |
| Topical term or geographic name entry element |
Attachment behavior. |
| 650 #0 - SUBJECT ADDED ENTRY--TOPICAL TERM |
| Topical term or geographic name entry element |
Narrative therapy. |
| 650 #0 - SUBJECT ADDED ENTRY--TOPICAL TERM |
| Topical term or geographic name entry element |
Systemic therapy (Family therapy) |
| 650 #0 - SUBJECT ADDED ENTRY--TOPICAL TERM |
| Topical term or geographic name entry element |
Psychotherapy |
| General subdivision |
methods. |
| 650 #0 - SUBJECT ADDED ENTRY--TOPICAL TERM |
| Topical term or geographic name entry element |
Object Attachment. |
| 655 #0 - INDEX TERM--GENRE/FORM |
| Genre/form data or focus term |
Electronic books. |
| 700 1# - ADDED ENTRY--PERSONAL NAME |
| Personal name |
Vetere, Arlene, |
| Relator term |
author. |
| 700 1# - ADDED ENTRY--PERSONAL NAME |
| Personal name |
Filella Escolà, Roc, |
| Relator term |
translator. |
| 776 08 - ADDITIONAL PHYSICAL FORM ENTRY |
| Relationship information |
Print version: |
| Main entry heading |
Dallos, Rudi. |
| Title |
Apego y terapia narrativa. |
| Place, publisher, and date of publication |
Madrid : Ediciones Morata, c2012 |
| International Standard Book Number |
9788471126801 |
| Record control number |
(OCoLC)828372050 |
| 793 0# - |
| -- |
Digitalia eBook Collection: |
| -- |
Ediciones Morata. |
| 791 2# - |
| -- |
Digitalia (Firm) |
| -- |
publisher. |
| 856 40 - ELECTRONIC LOCATION AND ACCESS |
| Materials specified |
Digitalia Hispánica |
| Uniform Resource Identifier |
<a href="https://www.digitaliapublishing.com/a/24048/">https://www.digitaliapublishing.com/a/24048/</a> |
| 910 ## - USER-OPTION DATA (OCLC) |
| User-option data |
Premium Collection: 2013 |
| 942 ## - ADDED ENTRY ELEMENTS (KOHA) |
| Koha item type |
Recurso Electrónico |